• 首页
  • 本馆介绍
  • 公告通知
  • 最新文献
  • 馆藏检索
  • 电子资源
  • 读者导购
  • 参考咨询
  • 我的图书馆
  • 登录
  • 详细信息显示
  • 放入我的书架
  • 预约/预借图书
  • 作者相关作品
  • 分类相关作品
  • 丛书相关作品
  • 出版社相关作品

书目信息

  • 表格格式
  • 工作单格式
  • 卡片格式
题名:
XML程序设计
    
 
作者: 杨灵 , 赵旭辉 主编
分册:  
出版信息: 大连   大连理工大学出版社  2018
页数: 237页
开本: 26cm
丛书名:
单 册:
中图分类: TP312XM
科图分类:
主题词: 可扩充语言--程序设计--高等职业教育--教材
电子资源:
ISBN: 978-7-5685-1038-7
000 00952nam0 2200265 450
001 0104486706
005 20180727162407.0
010    @a978-7-5685-1038-7@dCNY38.80
100    @a20180503d2018 em y0chiy0120 ea
101 0  @achi
102    @aCN@b210000
105    @ay z 000yy
106    @ar
200 1  @aXML程序设计@9X M L Cheng Xu She Ji @f杨灵,赵旭辉主编@b专著
210    @a大连@c大连理工大学出版社@d2018
215    @a237页@d26cm
300    @a新世纪高职高专网络专业系列规划教材
304    @a新世纪高职高专教材编审委员会组编
330    @a本书主要讲述了XML语言的作用和基本语法、文档类型定义、模式定义、层叠样式表、可扩展样式语言、DOM对象接口、使用数据岛显示XML数据、XML与数据交换等内容。
606 0  @a可扩充语言@x程序设计@x高等职业教育@j教材
690    @aTP312XM@v5
701  0 @a杨灵@c(计算机)@9yang ling@4主编
701  0 @a赵旭辉@f(1978~)@9zhao xu hui@4主编
801  0 @aCN@bAZmarc@c20230905
905    @aBZT@dTP312@e375@f5@sTP312/375
    
    XML程序设计/杨灵,赵旭辉主编.-大连:大连理工大学出版社,2018
    237页;26cm
    新世纪高职高专网络专业系列规划教材
    
    ISBN 978-7-5685-1038-7:CNY38.80
    本书主要讲述了XML语言的作用和基本语法、文档类型定义、模式定义、层叠样式表、可扩展样式语言、DOM对象接口、使用数据岛显示XML数据、XML与数据交换等内容。
●
相关链接 在五车中查询图书 在当当中查询图书 在豆瓣中查询图书


正题名:XML程序设计     索取号:TP312/375         预约/预借

序号 登录号 条形码 馆藏地/架位号 状态 备注
1 2000011035   2000011035   旧书回溯/ [索取号:TP312/375] 在馆    
2 2000011036   2000011036   旧书回溯/ [索取号:TP312/375] 在馆    
3 2000011037   2000011037   旧书回溯/ [索取号:TP312/375] 在馆    
4 2000011038   2000011038   旧书回溯/ [索取号:TP312/375] 在馆    
5 2000011039   2000011039   旧书回溯/ [索取号:TP312/375] 在馆    
山东省滨州职业学院图书馆 欢迎您!
大连网信软件有限公司© 版权所有